| 000 | 00485nam a2200157 i 4500 | ||
|---|---|---|---|
| 001 | 141798 | ||
| 003 | ES-MaACL | ||
| 007 | t| | ||
| 008 | 070928s1910 gw ||||1| ger d | ||
| 100 | 1 |
_aWagner, Hermann. _9115843 |
|
| 245 | 1 | 0 |
_aSydow-Wagners methodischer Schul-Atlas entwofen / _cbearbeitef und herausgegeben Hermann Wagner. |
| 260 |
_aGotha : _bJustus Perthes, _c1910. |
||
| 300 |
_a4 h., 44 mapas ; _c31 cm. |
||
| 700 | 1 |
_aSydow, Emil von. _9108957 |
|
| 852 |
_aES-MaACL _jB-2123 |
||
| 999 |
_c141798 _d141798 |
||